000 01100nas a2200385 4500
001 BR2012002099
003 BR-BrBNA
005 20231205120332.0
007 ta
008 230509b bl.|||p| |||| 00| 00por d
040 _aBR-BrBNA
_bpor
_cBiblioteca Nacional de Agricultura
041 _a(Pt)
072 _aH10; F30
100 1 _aMorales, A.M.A.P.
100 1 _aLemos, E.G.M.
100 1 _aFuganti, R.
100 1 _aMarin, S.R.R.
100 1 _aMarcelino, F.C.
100 1 _aSilva, J.F.V.
100 1 _aPereira, A.A.
100 1 _aNepomuceno, A.L.
245 1 _aExpressão de genes envolvidos na resistência da soja a Meloidogyne javanica
650 _aSOJA
650 _aGENE
650 _aVARIEDADE RESISTENTE
650 _aMELOIDOGYNE JAVANICA
650 _aNEMATÓIDE
650 _aDNA
650 _aGENÓTIPO
650 _aMELHORAMENTO GENÉTICO VEGETAL
650 _aCRUZAMENTO
773 0 _tNematologia Brasileira (Brazil)
_xISSN 0102-2997
_g(Sep 2009), v. 33(3) p. 226-234
_wBR2012002099
909 _a202311
_bLúcia
_c55
_dLúcia Elande
942 _2AGRIS
_n0
_cANA
999 _c218003
_d218003